[Event "GRE-chT Online Rapid op 1st"]
[Site "Tornelo INT"]
[Date "2021.02.21"]
[Round "6.35"]
[White "Apostolidis, Angelos"]
[Black "Bakirtzis, Konstantinos"]
[Result "0-1"]
[WhiteElo "1094"]
[BlackElo "1229"]
[PlyCount "108"]
[EventDate "2021.02.20"]
[EventType "team-swiss (rapid)"]
[EventRounds "9"]
[EventCountry "GRE"]
[SourceTitle "EXT 2023"]
[Source "ChessBase"]
[SourceDate "2022.10.05"]
[SourceVersion "1"]
[SourceVersionDate "2022.10.05"]
[SourceQuality "1"]

1. e4 c5 2. Nf3 Nc6 3. Nc3 g6 4. b3 Bg7 5. Bb2 d6 6. Bb5 e5 7. 0-0 Nge7 8. h3 0-0 9. Nd5 a6 10. Bxc6 bxc6 11. Nxe7+ Qxe7 12. Nh2 f5 13. f3 Rb8 14. c4 Be6 15. d3 d5 16. Rb1 Rfd8 17. Qe2 Qc7 18. Rfe1 fxe4 19. fxe4 dxc4 20. dxc4 a5 21. Red1 a4 22. Rd3 axb3 23. axb3 Qb6 24. Ba3 Rd4 25. Bb2 Rxd3 26. Qxd3 Qxb3 27. Qxb3 Rxb3 28. Kf2 Bxc4 29. Rc1 Rxb2+ 30. Ke1 Bb5 31. Rxc5 Rxg2 32. Ng4 Re2+ 33. Kf1 Rc2+ 34. Ke1 Rxc5 35. Kd1 h5 36. Nf2 Bh6 37. Ke1 Rc2 38. Nd1 Re2+ 39. Kf1 Rxe4+ 40. Kg2 Re2+ 41. Nf2 Be3 42. Kf3 Rxf2+ 43. Kxe3 Rf5 44. Ke4 Kf7 45. Ke3 Rf4 46. h4 Rd4 47. Kf3 c5 48. Ke3 c4 49. Kf3 c3 50. Ke3 c2 51. Kf3 c1Q 52. Kf2 Qc3 53. Kg2 Rd2+ 54. Kg1 Qc1# 0-1

[Event "GRE-chT Online Rapid op 1st"]
[Site "Tornelo INT"]
[Date "2021.02.21"]
[Round "8.29"]
[White "Apostolidis, Angelos"]
[Black "Margaritis, Ioannis M"]
[Result "0-1"]
[WhiteElo "1094"]
[BlackElo "1149"]
[PlyCount "58"]
[EventDate "2021.02.20"]
[EventType "team-swiss (rapid)"]
[EventRounds "9"]
[EventCountry "GRE"]
[SourceTitle "EXT 2023"]
[Source "ChessBase"]
[SourceDate "2022.10.05"]
[SourceVersion "1"]
[SourceVersionDate "2022.10.05"]
[SourceQuality "1"]

1. e4 c5 2. Nf3 d6 3. Nc3 Nf6 4. g3 g6 5. b3 Bg7 6. Bb2 Nxe4 7. Rb1 Nf6 8. Bg2 0-0 9. 0-0 Nc6 10. Re1 Bg4 11. Ne4 Nxe4 12. Bxg7 Nxf2 13. Kxf2 Kxg7 14. Re4 Bf5 15. Re3 Qb6 16. d3 Bg4 17. Qe1 e5 18. Nh4 Nd4 19. Rc1 c4 20. Re4 Nxc2+ 21. Qe3 Nxe3 22. Rxe3 cxd3 23. Rd1 Bxd1 24. Bf3 Bxf3 25. Nxf3 f5 26. Nd2 f4 27. Nc4 fxe3+ 28. Ke1 Qb4+ 29. Kd1 Rf1# 0-1